000 01265nam a2200217Ia 4500
003 Ost
005 20260507075119.0
008 260507s9999||||xx |||||||||||||| ||und||
020 _a9485119957
040 _cfsecg
041 _aara
082 _a330
100 _aالبرواري، نزار عبد المجيد
_eمؤلف
245 0 _aإستراتيجيات التسويق :
_bالمفاهيم- الأسس- الوظائف /
_c نزار عبد المجيد البرواري
260 _aعمان:
_bدار وائل للنشر والتوزيع,
_c2004
300 _a238 صفحة؛
_bإيضاحات ؛
_c24 سم
520 _aالتسويق النشأة والتطور والاهمية- مداخل التسويق وفلسفاته- المسؤولية الإجتماعية للمنظمة والتسويق المجتمعي- البيئة التسويقية- تقسيم واستهداف السوق- سلوك المستهلك- حماية المستهلك وحقوقه- استراتيجية التسويق والتسويق الإستراتيجي- المنتوج- السعر والتسعير- مكان التوزيع والترويج
653 _aالتسويق
700 _aالبرزنجي، أحمد محمد فهمي
_eمؤلف ثانوي
942 _cكتاب
999 _c43057
_d43057